<?xml version="1.0" encoding="UTF-8"?>
<collection xmlns="http://www.loc.gov/MARC21/slim">
  <record>
    <leader>00000nam  2200000   4500</leader>
    <controlfield tag="001">INLIS000000000000160</controlfield>
    <controlfield tag="005">20190425100609</controlfield>
    <datafield tag="035" ind1="#" ind2="#">
      <subfield code="a">0010-0718000160</subfield>
    </datafield>
    <controlfield tag="008">190425################g##########0#ind##</controlfield>
    <datafield tag="020" ind1="#" ind2="#">
      <subfield code="a">9789797695958</subfield>
    </datafield>
    <datafield tag="041" ind1=" " ind2=" ">
      <subfield code="a">id</subfield>
    </datafield>
    <datafield tag="082" ind1="#" ind2="#">
      <subfield code="a">172</subfield>
    </datafield>
    <datafield tag="090" ind1=" " ind2=" ">
      <subfield code="a">172 Ass m</subfield>
    </datafield>
    <datafield tag="100" ind1=" " ind2="#">
      <subfield code="a">Asshiddiqie, Jimly</subfield>
    </datafield>
    <datafield tag="245" ind1="1" ind2="#">
      <subfield code="a">Menegakkan etika penyelenggara pemilu /</subfield>
      <subfield code="c">Jimly Asshiddiqie</subfield>
    </datafield>
    <datafield tag="250" ind1="#" ind2="#">
      <subfield code="a">Ed. 1</subfield>
    </datafield>
    <datafield tag="260" ind1="#" ind2="#">
      <subfield code="a">Jakarta :</subfield>
      <subfield code="b">Rajawali Pers,</subfield>
      <subfield code="c">2013</subfield>
    </datafield>
    <datafield tag="300" ind1="#" ind2="#">
      <subfield code="a">xiii, 203 hlm. ;</subfield>
      <subfield code="c">20 cm</subfield>
    </datafield>
    <datafield tag="650" ind1=" " ind2="#">
      <subfield code="a">Psikologi - Etika</subfield>
    </datafield>
    <datafield tag="084" ind1="#" ind2="#">
      <subfield code="a">172 Ass m</subfield>
    </datafield>
    <datafield tag="520" ind1="#" ind2="#">
      <subfield code="a">Sebagai negara demokrasi dan menganut pluralisme tugas dan tanggung jawab kita adalah mengembalikan harkat dan martabat bangsa yang semestinya agar bangsa Indonesia mampu tampil secara baik dengan negara-negara lain didunia. Perbaikan kualitas moral berbangsa salah satunya lewat memperkuat basis integritas penyelenggaraan Pemilu. Dewan Kehormatan Penyelenggaraan Pemilu (DKPP) memastikan bahwa Pemilu dalam perspektif politics ethics sejatinya dipahami sebagai sarana dimana terjadinya transformasi etika terapan yang bersifat etis dan aktual yang secara langsung berimplikasi pada perbaikan moralitas berbangsa. Proses penyelenggaraan Pemilu harus mampu mentautkan antara etika teoretis dan etika terapan sebagai perwujudan dari implementasi etika terapan.</subfield>
    </datafield>
    <datafield tag="856" ind1="#" ind2="#">
      <subfield code="a">Perpustakaan Lembaga Administrasi Negara</subfield>
    </datafield>
    <datafield tag="990" ind1="#" ind2="#">
      <subfield code="a">141217126</subfield>
    </datafield>
    <datafield tag="990" ind1="#" ind2="#">
      <subfield code="a">141217125</subfield>
    </datafield>
    <datafield tag="990" ind1="#" ind2="#">
      <subfield code="a">141217125</subfield>
    </datafield>
    <datafield tag="990" ind1="#" ind2="#">
      <subfield code="a">141217126</subfield>
    </datafield>
  </record>
</collection>
